000 00461nam a22001817a 4500
003 MPLRDC
005 20220104143732.0
008 210129b ||||| |||| 00| 0 eng d
020 _a962-17-0605-X
082 _a830.8 BY v.61
100 _a吴昊
245 _a古今寻宝趣谈
_c
260 _a
_b博益出版集团有限公司
_c1988
300 _b
490 _a博益趣味知识系列
650 _a中国文学总集
942 _cBK
_o830.8 BY v.61
999 _c42830
_d42820